| Record ID | ia:oeuvresdetht01lach |
| Source | Internet Archive |
| Download MARC XML | https://archive.org/download/oeuvresdetht01lach/oeuvresdetht01lach_marc.xml |
| Download MARC binary | https://www.archive.org/download/oeuvresdetht01lach/oeuvresdetht01lach_meta.mrc |
LEADER: 00410nam 22001210 4500
008 850714 17411747fr 0 fre
040 $aOOU$bfre
099 $aPQ 1993 .L2 1741
100 1 $aLa Chaussée, Pierre Claude Nivelle de,$d1692-1754.
245 10 $aOeuvres de théâtre de monsieur Nivelle de la Chaussée, de l'Académie française.
260 $aParis :$bChez Prault,$c1741-47.
300 $a3 v. ;$c16 cm.
935 $aD0665168